Регионална библиотека "Любен Каравелов" - Русе

Институт по земеделие и семезнание "Образцов чифлик" - Русе (Запис номер 447436)

MARC детайли
000 -Лидер
Контролно поле с фиксирана дължина 01331nam a2200289 c 4500
003 - Код на организацията, давaща контролен номер
Контролно поле BLK
005 - Дата и час на последна редакция
Контролно поле 20230727125201.0
008 - Елементи от данни с фиксирана дължина
fixed length control field 180411b bul|||||r ||||||| ||bul||
010 ## - Наследен системен номер
LC control number KNG00174917000
040 ## - Източник на каталожния запис
Идентификатор на билиотеката - собственик на записа BLK
041 ## - Код за език
Код за езика на текст/звукозапис или на отделно заглавие Български
Код за езика КДБФ Български
080 ## - УДК
УДК код - определител по УДК 377.5:63
УДК определител (497.215)(062)
УДК - код + определител 377.5:63(497.215)(062)
139 ## - Редно поле
Редна дума Институт по земеделие и семезнание "Образцов чифлик" - Русе
Авторски знак Инст - И 70
245 10 - Сведения за заглавието
Заглавие Институт по земеделие и семезнание "Образцов чифлик" - Русе
Физически носител (вид на носителя) [Малотир. изд.]
257 ## - Страна на издаване
Страна на създаване/издаване България
260 ## - Област на издателските данни
Име на издателя, разпространителя и проч. Изд. център при Русенски унив. Ангел Кънчев
Година на издаване 2000
9 (RLIN) 217935
Място на издаване, разпространение и проч. Русе
Издателство - префикс ISBN 978-619-7071-
300 ## - Физическа характеристика
Страници 168 с.
Илюстрации и др. с ил.
Размери/Мащаб 20 см
380 ## - Жанр
Жанр Обществени науки
500 ## - Общи забележки
Забележка Вкл.: Два броя брошури от Юбилейна научна сесия 95 години "Образцов чифлик" - Русе - Програма и Теми на доклади - Двуез. изд.
650 #4 - Допълнително описание по предмет – тема
Основно описание – тема или топоним Селскостопанско образование - България
9 (RLIN) 319592
653 ## - Ключова дума – ненормативна
Ключова дума Образцов чифлик
653 ## - Ключова дума – ненормативна
Ключова дума техникуми
852 ## - Местоположение
Форматна сигнатура К 63/И 70
Фондова буква Краезнание
999 ## - СИСТЕМНИ КОНТРОЛНИ НОМЕРА
Koha biblionumber 447436
Koha biblioitemnumber 447436
942 ## - АРТИКУЛИ
Вид на библиотечния материал Книги
Скрит в OPAC Не
Koha issues (borrowed), all copies 2
Периодичен библиозапис Да
944 ## - СЪЗДАВАНЕ И РЕДАКЦИЯ на ЗАПИСА
Създаване/Редакция Създаване
Дата на регистрацията/редакция 2022-03-07
Служител, извършил регистрацията/редакцията 30556
Статус, дата на статуса Теодора Пейчева-Дянкова
999 ## - СИСТЕМНИ КОНТРОЛНИ НОМЕРА
Koha biblioitemnumber 447436
Наличности
Код за отписване Код за изгубен артикул Източник на класификационната схема Код за повреда Коз за рестрикции Код за отдаване Артикулен № Име на библиотеката - собственик Име на библиотеката, в която се намира в момента Статус (Текущо местоположение) Дата на вписване в системата Местоположение - отдел Цена в лева Систематично азбучна сигнатура Баркод Цена в евро Служебен тип на артикула
  Не е изгубен Universal Decimal Classification Не е повреден само за читалня ползва се в читалня 875533 Регионална библиотека "Любен Каравелов" Русе Регионална библиотека "Любен Каравелов" Русе Краезнание 2022-03-15 Краезнание 2.00 К 63/И 70 120000868380 1.02 Книги
Vip Innovations Ltd, Rousse, Bulgaria 2025